000 00694nab a2200229u 4500
001 10534
003 HDC
007 c| |||a|c|aaaa
008 210204b99999999my ||||o |||| 00| 0 may d
040 _aHDC
245 0 _aHalal travel glossary
336 _atext
_2rdacontent
337 _acomputer
_2rdamedia
338 _aonline resource
_2rdacarrier
650 _aCrescentRating
_910835
650 _ahalal travel glossary
_910836
710 _aAsia One
856 _zRequest full-text at [email protected]
942 _2lcc
942 _cNEWS
942 _kNWS0 000830
999 _c7857
_d7857